Name the Artist - Statistics

General Stats
  • This quiz has been taken 26 times
  • The average score is 9 of 15
Answer Stats
Picture Answer % Correct
Leonardo Da Vinci
100%
Andy Warhol
96%
Michelangelo
96%
Rembrandt
96%
Vincent Van Gogh
96%
Pablo Picasso
92%
Gustav Klimt
85%
Sandro Botticelli
81%
Jackson Pollock
54%
Francisco de Goya
27%
Paul Cezanne
27%
Caravaggio
23%
Mary Cassatt
19%
Louise Bourgeois
12%
Anna Hyatt Huntington
0%
No matching quizzes found
Score Distribution
Percent of People with Each Score
Percentile by Number Answered
Your Score History
You have not taken this quiz